000 00680nam a2200253Ia 4500
003 OSt
005 20220912150619.0
006 a|||||r|||| 00| 0
007 ta
008 220909b |||||||| |||| 00| 0 eng d
024 _a31193
037 _cTextual
040 _aCSL
_beng
_cCSL
041 _aeng
082 _aB321, P0
100 _aEuler Leonhard
245 0 _aFoundations of differential calculus
260 _aNew York
_b Springer-verlag
_c2000
300 _axiv, 194p.
_ccm. Includes with CD-ROM
650 _a Differential calculus
650 _aMathematics
942 _hB321, P0
_cTEXL
_2CC
999 _c50993
_d50993